In the monther's light / (Record no. 154781)

MARC details
000 -LEADER
fixed length control field 00605nam a22002057a 4500
005 - DATE AND TIME OF LATEST TRANSACTION
control field 20180725113241.0
010 ## - LCCN (DPL NO)
LC control number ENG-123593
020 ## - INTERNATIONAL STANDARD BOOK NUMBER
Terms of availability 220.00
International Standard Book Number 9788170589136
035 ## - SYSTEM CONTROL NUMBER
System control number EN-107125
037 ## - SOURCE OF ACQUISITION
Source of stock number/acquisition DBAD/PUB
082 ## - DEWEY DECIMAL CLASSIFICATION NUMBER
Classification number 181.499
100 ## - MAIN ENTRY--PERSONAL NAME
Personal name Rishabhchand
245 ## - TITLE STATEMENT
Title In the monther's light /
Statement of responsibility, etc by Rishabhchand
250 ## - EDITION STATEMENT
Remainder of edition statement 3rd edn.
260 ## - PUBLICATION, DISTRIBUTION, ETC. (IMPRINT)
Place of publication, distribution, etc Pondicherry
Date of publication, distribution, etc 2011
Name of publisher, distributor, etc Sri Aurobindo Ashram
270 ## - ADDRESS
Address Publication Department
Postal code 605002
City Pondicherry
300 ## - PHYSICAL DESCRIPTION
Extent 383p.
Dimensions 22cm.(pbk)
Other physical details ill.(pictures)
500 ## - GENERAL NOTE
General note At the feet of the Mother
942 ## - ADDED ENTRY ELEMENTS (KOHA)
Source of classification or shelving scheme Dewey Decimal Classification
Item type English Books
Classification part 181.499
Call number suffix RIS
Holdings
Withdrawn status Lost status Not for loan Collection code Home library Current library Date acquired Source of acquisition Cost, normal purchase price Full call number Barcode Copy number Cost, replacement price Koha item type
    Not For Loan Non-fiction D.B.Act.Division Patel Nagar 25/07/2018 DBAD/PUB 220.00 181.499 RIS EN-107125 1 220.00 English Books

© Delhi Public Library
Hit Counter
free hit counter